Catálogo
 En Linea

Programa de las actividades académicas del plan de estudios de la especializaciones en Derechos humanos /. (Registro nro. 39991)

Detalles MARC
000 -CABECERA
campo de control de longitud fija 00651nam a2200169 a 4500
001 - NÚMERO DE CONTROL
campo de control 000040501
005 - FECHA Y HORA DE LA ÚLTIMA TRANSACCIÓN
campo de control 20201002034155.0
008 - DATOS DE LONGITUD FIJA--INFORMACIÓN GENERAL
campo de control de longitud fija 130826s2004 mx 000 0 spa d
020 ## - NÚMERO INTERNACIONAL ESTÁNDAR DEL LIBRO
Número Internacional Estándar del Libro 9703201369
040 ## - FUENTE DE LA CATALOGACIÓN
Centro catalogador/agencia de origen DO-SdBNP
Lengua de catalogación spa
Centro/agencia transcriptor BNPHU
245 00 - MENCIÓN DE TÍTULO
Título Programa de las actividades académicas del plan de estudios de la especializaciones en Derechos humanos /.
260 ## - PUBLICACIÓN, DISTRIBUCIÓN, ETC.
Lugar de publicación, distribución, etc. México :
Nombre del editor, distribuidor, etc. Universidad Nacional Autónoma de México,
Fecha de publicación, distribución, etc. 2004.
300 ## - DESCRIPCIÓN FÍSICA
Extensión 74 p. ;
Dimensiones 21 cm.
490 1# - MENCIÓN DE SERIE
Mención de serie Lecturas jurídicas
-- Manuales jurídicos
Designación de volumen o secuencia 19
710 2# - PUNTO DE ACCESO ADICIONAL--NOMBRE DE ENTIDAD CORPORATIVA
Nombre de entidad corporativa o nombre de jurisdicción como elemento de entrada Universidad Nacional Autónoma de México,
9 (RLIN) 42447
830 #0 - PUNTO DE ACCESO ADICIONAL DE SERIE-TÍTULO UNIFORME
Título uniforme Lecturas jurídicas
Nombre de parte o sección de la obra Manuales jurídicos
Designación de volumen o secuencia 19
9 (RLIN) 66717
Existencias
Estado de retiro Estado de pérdida Restricciones de uso No para préstamo Código de colección Localización permanente Ubicación/localización actual Ubicación en estantería Fecha de adquisición Número de inventario Total de préstamos Signatura topográfica completa Código de barras Fecha visto por última vez Precio válido a partir de Tipo de ítem Koha
        Monografías: Libros y Folletos General General Orden iniciada 26.08.2013 LF1   40501-10 25.06.2020 25.06.2020 No se presta
        Monografías: Libros y Folletos General General Orden iniciada 26.08.2013 LF1   40501-20 25.06.2020 25.06.2020 No se presta

Con tecnología Koha